| 000 | 03786cam a2200469 i 4500 | ||
|---|---|---|---|
| 001 | sqtd4608431 | ||
| 003 | SQTD | ||
| 005 | 20260410020004.0 | ||
| 007 | ta | ||
| 008 | 260408s2022 fr |||| 6 000|1 fre | ||
| 020 |
_a9791032724507 _q(broché) |
||
| 024 | 3 |
_a9791032724507 _q(jaquette) |
|
| 035 | _a(BTLF)8554489 | ||
| 035 | _a(SQTD)4608431 | ||
| 035 | _a(SDM)C225807 | ||
| 040 |
_aSDM _bfre _erda _dSQTD _cCDM |
||
| 041 | 1 |
_afre _hjpn |
|
| 082 |
_aBD CAR _223 |
||
| 100 | 0 |
_aNekokurage _eartiste. |
|
| 245 | 1 | 4 |
_aLes carnets de l'apothicaire. _n16 / _cd'après l'oeuvre originale de Natsu Hyuuga ; dessin, Nekokurage ; scénario, Itsuki Nanao ; design des personnages, Touco Shino ; traduction, Géraldine Oudin. |
| 300 |
_a160 pages : _bprincipalement des illustrations (certaines en couleur) ; _c18 cm + _e1 livret découverte (27 pages ; 18 cm) |
||
| 490 | 1 | _aKi-oon seinen | |
| 500 | _aD'après le light novel de Natsu Hyuuga. | ||
| 500 | _aLivret: Les carnets de l'apothicaire / Natsu Hyuuga. | ||
| 520 | 8 | _aMao Mao est une apprentie apothicaire plutôt douée du quartier des plaisirs entourant la cité impériale lorsqu'elle est enlevée dans la forêt. Ignorant si on l'a vendue ou échangée contre une autre jeune fille, la voilà lingère à la cour intérieure, qui est uniquement peuplée de concubines dont la seule mission est de donner des héritiers à l'empereur. Si certaines servantes parviennent à s'élever au rang de ces dernières, Mao sait qu'avec sa maigreur et ses taches de rousseur, elle peut s'éviter un tel sort. Elle tâche de plus de passer inaperçue, ce qui nécessite de cacher ses talents pour les plantes médicinales et sa capacité à lire, alors que les employées issues de milieux modestes sont normalement analphabètes. Cependant, lorsque des nouveau-nés meurent de façon mystérieuse, l'adolescente met en garde certaines jeunes mamans, ce qui attire l'attention du haut fonctionnaire Jinshi sur elle. Estimant qu'elle peut protéger les concubines, celui-ci la promeut au rôle de goûteuse de la cour intérieure. [SDM] | |
| 520 | 1 | _aAdaptée d'un roman, cette série en manga se déroule exclusivement en lieu clos, ce qui brouille les repères temporels et les attaches avec la réalité, mais qui déploie également un univers intéressant, particulièrement puisqu'un tueur s'infiltre entre ces murs. Mao doit ainsi à la fois mettre ses talents médicaux à profit pour empêcher ce dernier d'agir, tout en épaulant Jinshi, un eunuque extatique, qui semble néanmoins avoir des secrets bien à lui. Si le contexte de harem attribue un rôle peu reluisant aux femmes, qui sont souvent exposées dénudées pour mettre leurs courbes en valeur, l'héroïne est quant à elle intelligente, passionnée et déterminée, même si on la dépeint aussi comme une adolescente ingénue. Les dessins retouchés à l'ordinateur occupent de leur côté des cases plutôt grandes pour garantir une lecture confortable. Un livret contenant un extrait d'une vingtaine de pages de la version romancée, publié chez Lumen, est attaché à la présente édition. [SDM] | |
| 521 | _aJ++ 4. | ||
| 650 | 6 |
_aEmployées de maison _vBandes dessinées. |
|
| 650 | 6 |
_aPharmaciennes _vBandes dessinées. |
|
| 650 | 6 |
_aCours et courtisans _vBandes dessinées. |
|
| 650 | 6 |
_aMeurtre _vBandes dessinées. |
|
| 650 | 6 |
_aEnquêtes _vBandes dessinées. |
|
| 655 | 7 |
_aBandes dessinées à suspense. _2rvmgf |
|
| 655 | 7 |
_aBandes dessinées historiques. _2rvmgf |
|
| 655 | 7 |
_aMangas. _2rvmgf |
|
| 655 | 7 |
_aAdaptations en bandes dessinées. _2rvmgf |
|
| 700 | 1 |
_aNanao, Itsuki _eauteur. |
|
| 700 | 1 |
_aShino, Tōko _eartiste. |
|
| 700 | 1 | _aHyūga, Natsu | |
| 830 | 0 | _aSeinen (Ki-oon (Firme)) | |
| 942 |
_2ddc _cBK _024 |
||
| 999 |
_c43599 _d43599 |
||